LIBRARY & INFORMATION CENTRE, KCAET, TAVANUR

ONLINE PUBLIC ACCESS CATALOGUE (OPAC)

Laboratory instruments operations and maintenance (Record no. 14625)

MARC details
000 -LEADER
fixed length control field 00258nam a2200097Ia 4500
082 ## - DEWEY DECIMAL CLASSIFICATION NUMBER
Classification number 620.004
Item number PUN/LA
100 ## - MAIN ENTRY--AUTHOR NAME
Personal name Punekar, Sushant
245 ## - TITLE STATEMENT
Title Laboratory instruments operations and maintenance
260 ## - PUBLICATION, DISTRIBUTION, ETC. (IMPRINT)
Place of publication New Delhi
Name of publisher Biotech books
Year of publication 2012
942 ## - ADDED ENTRY ELEMENTS (KOHA)
Koha item type Books
Holdings
Withdrawn status Lost status Damaged status Collection code Home library Current library Shelving location Date acquired Cost, normal purchase price Full call number Accession Number Koha item type
        KAUAET KAUAET General Stacks 21/07/2016 800.00 620.004 PUN/LA 24297 Books
free website counter